000
00211nam a2200085Ia 4500
008
191206s9999 xx 000 0 und d
020
_a
9.78981E+12
245
0
_a
Resource Atlas in Physical geography
260
_c
c2005
999
_c
16793
_d
16793